[Event "Morbihan-ch 1213"]
[Site "France"]
[Date "2013.04.13"]
[Round "7"]
[White "Agogue, Yann"]
[Black "Le Corre, Yves"]
[Result "0-1"]
[WhiteElo "1520"]
[BlackElo "1920"]
[PlyCount "114"]
[EventDate "2012.10.27"]
[EventType "swiss"]
[EventRounds "7"]
[EventCountry "FRA"]
[SourceTitle "EXT 2014"]
[Source "ChessBase"]
[SourceDate "2013.11.20"]
[SourceVersion "1"]
[SourceVersionDate "2013.11.20"]
[SourceQuality "1"]

1. e4 c5 2. f4 e6 3. Nf3 d5 4. e5 Nc6 5. c3 Nge7 6. d4 Nf5 7. Na3 cxd4 8. Nxd4 Ncxd4 9. cxd4 Qh4+ 10. Ke2 Bd7 11. Qd3 Rc8 12. g3 Qh5+ 13. Kf2 Nxd4 14. Be2 Qxe2+ 15. Qxe2 Nxe2 16. Kxe2 Bxa3 17. bxa3 Rc2+ 18. Kd3 Rc4 19. Rb1 b6 20. Bd2 Ba4 21. Rhc1 b5 22. Rb4 Kd7 23. Rb2 Rhc8 24. Rc3 a6 25. Rb4 g6 26. Rcxc4 dxc4+ 27. Kc3 Kc6 28. Be3 Rd8 29. Bd4 Kd5 30. Rb2 Ke4 31. Re2+ Kf5 32. Rd2 Kg4 33. Kb4 h5 34. h4 Rd5 35. Kc3 Kxg3 36. Bf2+ Kxf4 37. Rxd5 exd5 38. Kd4 c3 39. Kxc3 Kxe5 40. Kd2 Ke4 41. Be3 Bc2 42. Bg5 Bd3 43. a4 bxa4 44. a3 f5 45. Be3 d4 46. Bf2 Bb5 47. Bg3 Kf3 48. Be5 d3 49. Bd4 Kg4 50. Bf2 f4 51. Ke1 Kf3 52. Bc5 Kg2 53. Bd4 f3 54. Be3 f2+ 55. Bxf2 d2+ 56. Kxd2 Kxf2 57. Kc3 Kg3 0-1

[Event "Morbihan-ch 1213"]
[Site "France"]
[Date "2012.10.27"]
[Round "1"]
[White "Agogue, Yann"]
[Black "Jolivel, Dominique"]
[Result "0-1"]
[WhiteElo "1520"]
[BlackElo "1896"]
[PlyCount "74"]
[EventDate "2012.10.27"]
[EventType "swiss"]
[EventRounds "7"]
[EventCountry "FRA"]
[SourceTitle "EXT 2014"]
[Source "ChessBase"]
[SourceDate "2013.11.20"]
[SourceVersion "1"]
[SourceVersionDate "2013.11.20"]
[SourceQuality "1"]

1. e4 c5 2. Nf3 e6 3. Nc3 Nc6 4. d3 h6 5. g3 a6 6. Bg2 Be7 7. Be3 d5 8. exd5 exd5 9. Ne2 d4 10. Bd2 Nf6 11. c3 0-0 12. 0-0 Re8 13. cxd4 cxd4 14. Rc1 Bf5 15. Bf4 g5 16. Be5 Bg4 17. Rc4 Bxf3 18. Bxf3 Nxe5 19. Bxb7 Nxc4 20. dxc4 Rb8 21. Bc6 d3 22. Nc1 d2 23. Nb3 Rf8 24. Qc2 Qb6 25. Bg2 Rfd8 26. Rd1 Bb4 27. h3 Kg7 28. Bf1 a5 29. Bd3 a4 30. Nxd2 Bc5 31. Ne4 Nxe4 32. Bxe4 Rxd1+ 33. Qxd1 Bxf2+ 34. Kh2 Qe3 35. Qg4 Rxb2 36. Bg2 Bg1+ 37. Kh1 Rxg2 0-1